01000 2200241 4500001002100000005001500021035002000036007000300056008004100059100001200100245029000112250001500402300002400417020002200441082001100463084001700474260003900491500015100530700002000681990001900701990001900720990001900739INLIS00000000000570220251219031159 a0010-1220000094ta201203 g 0 ind 0 aBARNAWI1 aBUKU PINTAR MENGELOLA SEKOLAH SWASTA :bBukti adalah kunci promosi jika anda sebagai pengelola sekolah dapat memastikan kualitas pembelajaran di kelas memastikan jalannya kegiatan sekolah secara keseluruhan dan dapat bekerja sama engan unsur-unsur masyarakat di luar sekolah /cBARNAWI aCetakan II a152 ;c14,8 X 21 cm a978-979-25-4932-4 a371.02 a371.02 BAR b aYogyakarta :bAR-RUZZ MEDIA,c2020 aSetiap orangtua mengingikan putra-putrinya tumbuh dewasa secara alami normal dan memiliki sumber daya yang dapat diandalkan kelak di kemudian hari0 aMOHAMMAD ARIFIN a05627APBD05627 a05628APBD05628 a05629APBD05629